LEADER 01081nam--2200385---450- 001 990003689230203316 005 20120918155152.0 035 $a000368923 035 $aUSA01000368923 035 $a(ALEPH)000368923USA01 035 $a000368923 100 $a20120918d1939----km-y0itay50------ba 101 $aita 102 $aIT 105 $a||||||||001yy 200 1 $aMacchine idrauliche$fDaniele Ariis 210 $aFirenze$cMarzocco$d1939 215 $aX, 407 p.$cill.$d16 cm 225 2 $aManuali tecnici Marzocco 300 $aCon 188 illustrazioni 410 0$12001$aManuali tecnici Marzocco 454 1$12001 461 1$1001-------$12001 606 0 $aMacchine idrauliche$2BNCF 676 $a621.2 700 1$aARIIS,$bDaniele$0612892 801 0$aIT$bsalbc$gISBD 912 $a990003689230203316 951 $a621.2 ARI 1$b22247 Ing.$c621.2 ARI$d00058571 959 $aBK 969 $aTEC 979 $aFIORELLA$b90$c20120918$lUSA01$h1549 979 $aFIORELLA$b90$c20120918$lUSA01$h1551 996 $aMacchine idrauliche$91142305 997 $aUNISA LEADER 01957nam 2200421 450 001 9910793152403321 005 20230814224502.0 010 $a93-5280-851-7 010 $a93-5280-852-5 035 $a(CKB)4100000006671742 035 $a(MiAaPQ)EBC5516536 035 $a(EXLCZ)994100000006671742 100 $a20181009d2018 uy 0 101 0 $aeng 135 $aurcnu|||||||| 181 $ctxt$2rdacontent 182 $cc$2rdamedia 183 $acr$2rdacarrier 200 10$aDiscover the alchemist within $etaking the first step towards personal growth /$fKartikeyan V., Rachna Nandakumar, Vishwanath P 210 1$aLos Angeles :$cSage,$d2018. 215 $a1 online resource (271 pages) 311 $a93-5280-850-9 327 $aAn invitation to the alchemist in you -- Introduction to the transformative alignment map -- The four worlds -- The world of structure and order -- The world of autonomy and initiative -- The world of connectedness and nurturance -- The world of flow and unfolding -- The sixteen symbolic identities -- The administrator -- The artiste -- The collaborator -- The curious child -- The custodian -- The guide-mentor -- The healer -- The mother -- The muse -- The provider of resources -- The ruler -- The strategist -- The troubleshooter -- The trickster -- The warlord -- The warrior-crusader -- The TAM playbook -- The way forward -- Appendix 1 The two axes of orientation -- Appendix 2 TAM self-assessment/tam self-certification -- Bibliography -- About the authors. 606 $aMeditations 606 $aSpiritual exercises 615 0$aMeditations. 615 0$aSpiritual exercises. 676 $a242 700 $aV$b Kartikeyan$01479066 702 $aNandakumar$b Rachna 702 $aP. Vishwanath 801 0$bMiAaPQ 801 1$bMiAaPQ 801 2$bMiAaPQ 906 $aBOOK 912 $a9910793152403321 996 $aDiscover the alchemist within$93694959 997 $aUNINA